Statistiques concernant Culture Générale - Série 1128

Cliquez ici pour prendre le quiz!

Statistiques générales

  • Ce quiz a été pris 40 fois
  • Le résultat moyen est 3 sur 10

Statistiques - réponses

QuestionRéponse% Correct
Quelle espèce d'animal est la gélinotte ?oiseau
78%
L'émission radiophonique dans laquelle Pierre Desproges prononçait ses fameux réquisitoires s'intitulait "Le Tribunal des flagrants...délires
64%
Quel mot désuet est synonyme de nord ?septentrion
39%
Dans la mythologie égyptienne, quel dieu royal représente-t-on sous la forme d'un homme à tête de faucon ?Horus
31%
Dans quel département français se trouve la ville de Semur en Auxois ?Côte d'Or
28%
Engin immobile sur lequel on peut s'exercer à la maison à toutes sortes de sports, principalement le cyclisme (anglicisme)home-trainer
17%
Dans quel département français se trouve la ville de Pia ?Pyrénées Orientales
11%
Variété de prune dont on fait le pruneau d'Agenente
6%
Quel jeu de cartes d'origine espagnole, porte le nom d'un oiseau à qui on a enlevé une lettre ?aluette
0%
Quel verbe du 1er groupe signifie à la fois "amender la terre" et "travailler dur" ?marner
0%

Distribution des résultats

Percentile par nombre de réponses

% des personnes avec chaque résultat

Votre développement - résultats

Vous n’avez pas pris ce quiz